| 000 | 00941cab a2200313 4500 | ||
|---|---|---|---|
| 001 | ABS49686 | ||
| 008 | 090401t1993 xxu||||| |||| 00| 0 eng d | ||
| 035 | _a(Sirsi) u72345 | ||
| 041 | _aeng | ||
| 245 | _aValuation and new markets in central and easterm Europe | ||
| 260 | _c1993 | ||
| 350 | _a0 | ||
| 490 |
_aCS Monthly : General Practice _v3(3) November 1993, 5-6(2) |
||
| 520 | _aConsiders the problems facing valuers in Albania and the Czech Republic. | ||
| 650 | _aALBANIA | ||
| 650 | _aCZECH REPUBLIC | ||
| 650 | _aEASTERN EUROPE | ||
| 650 | _aEUROPE | ||
| 650 | _aEUROPEAN GROUP OF VALUERS OF FIXED ASSETS | ||
| 650 | _aABOUT RICS-RELATED ORGANISATIONS-INTERNATIONAL VALUATION STANDARDS COMMITTEE | ||
| 650 | _aTEGOVOFA | ||
| 650 | _aTIAVSC | ||
| 650 | _aVALUATION ISSUES | ||
| 650 |
_aValuation _96273 |
||
| 690 | _aOVERSEAS-EUROPE | ||
| 690 | _aRATING AND VALUATION | ||
| 942 | _n0 | ||
| 948 | _c04/03/1997 | ||
| 999 |
_c45702 _d45702 |
||